[Event "DEM U12/U12w 2007"]
[Site "Willingen GER"]
[Date "2007.05.27"]
[Round "2"]
[White "Friedrich, Wiede"]
[Black "Thumulka, Patrick"]
[Result "1-0"]
[Termination "normal"]
[Board "1"]
[WhiteElo "1906"]
[BlackElo "1638"]
[PlyCount "49"]
[WhiteFideId "24629537"]
[BlackFideId "24676870"]
[EventCountry "GER"]
[EventRounds "11"]
[EventType "swiss"]
[EventDate "2007.05.26"]

1. e4 e6 2. d3 c5 3. Nf3 Nc6 4. g3 g6 5. Bg2 Bg7 6. O-O Nge7 7. c3 e5 8. Be3 d6
9. d4 exd4 10. cxd4 Bg4 11. dxc5 Bxb2 12. Nbd2 Bxa1 13. Qxa1 O-O 14. cxd6 Qxd6
15. Bh6 f6 16. Bxf8 Rxf8 17. Qb2 Qd7 18. Re1 Be6 19. Nb3 f5 20. Nc5 Qc8 21.
Nxb7 fxe4 22. Ng5 Bd7 23. Bf1 Nd5 24. Bc4 Nce7 25. Rxe4 1-0

[Event "DEM U12/U12w 2007"]
[Site "Willingen GER"]
[Date "2007.05.27"]
[Round "2"]
[White "Collmer, Dominik"]
[Black "Hampel, Felix"]
[Result "1/2-1/2"]
[Termination "normal"]
[Board "2"]
[WhiteElo "1632"]
[BlackElo "1879"]
[PlyCount "157"]
[WhiteFideId "4620763"]
[BlackFideId "24668125"]
[EventCountry "GER"]
[EventRounds "11"]
[EventType "swiss"]
[EventDate "2007.05.26"]

1. e4 c5 2. Nf3 e6 3. d4 cxd4 4. Nxd4 Bc5 5. Nb3 Bb6 6. Bd3 Ne7 7. Nc3 O-O 8.
O-O f5 9. Bg5 fxe4 10. Nxe4 d5 11. Nc3 h6 12. Qh5 Nbc6 13. Bh4 a5 14. Kh1 a4
15. Nc1 Qc7 16. Nb5 Qb8 17. Bg3 e5 18. f4 e4 19. f5 Ne5 20. f6 Nf5 21. Rxf5
Bxf5 22. Qxf5 Rxf6 23. Qxe5 Qxe5 24. Bxe5 Rf5 25. Bd4 exd3 26. Nxd3 Bxd4 27.
Nxd4 Rf6 28. Re1 Kh7 29. Kg1 b6 30. Re5 Raf8 31. Nf3 Rc8 32. c3 a3 33. Rxd5
axb2 34. Nxb2 Rxc3 35. Rd2 Ra3 36. Nc4 Ra4 37. Ne3 b5 38. Rb2 Re6 39. Kf2 Ree4
40. Nd5 b4 41. Ne1 Rd4 42. Nb6 Ra6 43. Nc2 Rd2+ 44. Ke3 Rxg2 45. Nd5 Rxh2 46.
Ndxb4 Re6+ 47. Kd4 Rhe2 48. a4 h5 49. a5 R2e4+ 50. Kc3 R4e5 51. a6 Ra5 52. Nd4
Rg6 53. Rh2 Rg3+ 54. Kc4 Kg6 55. Ndc6 Raa3 56. a7 Rg5 57. Ra2 Rg4+ 58. Kc5 Rxa2
59. Nxa2 Ra4 60. Nc3 Ra1 61. Kb5 Rxa7 62. Nxa7 h4 63. Nc6 Kf5 64. Nd4+ Kg4 65.
Ne4 Kf4 66. Nd2 h3 67. N4f3 g5 68. Nxg5 Kxg5 69. Nf1 Kf4 70. Kc4 Kf3 71. Kd3
Kf2 72. Nh2 Kg2 73. Ng4 Kg3 74. Ne3 Kf4 75. Nf1 Kf3 76. Kd2 Kf2 77. Nh2 Kg1 78.
Nf3+ Kg2 79. Ke2 1/2-1/2

[Event "DEM U12/U12w 2007"]
[Site "Willingen GER"]
[Date "2007.05.27"]
[Round "2"]
[White "Zier, Oliver"]
[Black "Davydov, Ruven"]
[Result "1/2-1/2"]
[Termination "normal"]
[Board "3"]
[WhiteElo "1878"]
[BlackElo "1630"]
[PlyCount "126"]
[WhiteFideId "24631906"]
[BlackFideId "24666068"]
[EventCountry "GER"]
[EventRounds "11"]
[EventType "swiss"]
[EventDate "2007.05.26"]

1. d4 Nf6 2. c4 c5 3. d5 b5 4. cxb5 a6 5. b6 d6 6. Nc3 Nbd7 7. a4 Nxb6 8. a5
Nbd7 9. e4 g6 10. Nf3 Bg7 11. Be2 O-O 12. O-O Rb8 13. Nd2 Ne8 14. Nc4 Nc7 15.
Be3 Ne5 16. Nxe5 Bxe5 17. Qd2 Bd7 18. f4 Bg7 19. f5 Nb5 20. Bh6 Nd4 21. Bxg7
Kxg7 22. Bc4 Rb4 23. Qd3 Bb5 24. Bxb5 Nxb5 25. Nxb5 Rxb5 26. Rf3 Qd7 27. fxg6
hxg6 28. Raf1 f6 29. Rg3 Qe8 30. Qd2 Rh8 31. Rf4 g5 32. Rfg4 Kf8 33. h3 Qd7 34.
Rf3 Ke8 35. Qc3 Rf8 36. Rf5 Kd8 37. h4 gxh4 38. Rxh4 Kc7 39. Rh7 Kc8 40. Rf3
Qd8 41. Rg3 Re8 42. Rgg7 Rxa5 43. Qh3+ Qd7 44. Rxe7 Rxe7 45. Rxe7 Qxh3 46. gxh3
Rb5 47. Re6 Kd7 48. Rxf6 Rxb2 49. Rf7+ Kd8 50. h4 c4 51. Rf3 Rb3 52. Rf2 Rh3
53. h5 c3 54. Kg2 Rxh5 55. Rc2 Rh4 56. Rxc3 Rxe4 57. Rc6 Kd7 58. Rxa6 Re5 59.
Ra7+ Kc8 60. Kf3 Rxd5 61. Ke4 Rb5 62. Kd4 Kd8 63. Rh7 Rg5 1/2-1/2

[Event "DEM U12/U12w 2007"]
[Site "Willingen GER"]
[Date "2007.05.27"]
[Round "2"]
[White "Stahnecker, Ludwig"]
[Black "Klek, Hanna-Marie"]
[Result "0-1"]
[Termination "normal"]
[Board "4"]
[WhiteElo "1617"]
[BlackElo "1865"]
[PlyCount "62"]
[WhiteFideId "24692026"]
[BlackFideId "24670057"]
[EventCountry "GER"]
[EventRounds "11"]
[EventType "swiss"]
[EventDate "2007.05.26"]

1. e4 d5 2. exd5 Qxd5 3. Nc3 Qd6 4. d4 Nf6 5. Bc4 a6 6. Be3 b5 7. Bb3 Bb7 8.
Nf3 e6 9. O-O Be7 10. Ne5 Nc6 11. f4 Rd8 12. Nxc6 Qxc6 13. Qe2 O-O 14. f5 exf5
15. Rxf5 Rfe8 16. d5 Qd7 17. Raf1 Bc5 18. Nd1 Re7 19. Qf3 Bxe3+ 20. Nxe3 Qe8
21. Ng4 Nxg4 22. Qxg4 Bc8 23. d6 cxd6 24. Rxf7 Rxf7 25. Qg5 d5 26. Bxd5 Rxd5
27. Qxd5 Be6 28. Qd4 Rxf1+ 29. Kxf1 Bc4+ 30. Kf2 Qf7+ 31. Ke3 Qe6+ 0-1

[Event "DEM U12/U12w 2007"]
[Site "Willingen GER"]
[Date "2007.05.27"]
[Round "2"]
[White "Sarchisov, Slavik"]
[Black "Carmesin, Matthias"]
[Result "1-0"]
[Termination "normal"]
[Board "5"]
[WhiteElo "1746"]
[BlackElo "1610"]
[PlyCount "115"]
[WhiteFideId "24647888"]
[BlackFideId "4635965"]
[EventCountry "GER"]
[EventRounds "11"]
[EventType "swiss"]
[EventDate "2007.05.26"]

1. e4 c5 2. Nf3 Nc6 3. d4 cxd4 4. Nxd4 Nf6 5. Nc3 e5 6. Ndb5 d6 7. Bg5 a6 8.
Na3 Be6 9. Nc4 Rc8 10. Ne3 Be7 11. Bxf6 Bxf6 12. Ncd5 Bg5 13. Nf5 O-O 14. h4
Bf6 15. c3 Kh8 16. a4 g6 17. Nxd6 Bxd5 18. Nxc8 Bxe4 19. Nd6 Bc2 20. Qxc2 Qxd6
21. Rd1 Qe7 22. g3 Bg7 23. Bg2 f5 24. O-O f4 25. Qe4 Qc5 26. Kh1 Qe7 27. Rd3 g5
28. Rfd1 gxh4 29. g4 Qg5 30. f3 h5 31. Bh3 hxg4 32. Bxg4 h3 33. R1d2 Ne7 34.
Rh2 Nf5 35. Bxf5 Rxf5 36. Rxh3+ Kg8 37. Qxb7 Rf7 38. Qa8+ Rf8 39. Qd5+ Rf7 40.
Qd8+ Qxd8 41. Rxd8+ Rf8 42. Rxf8+ Kxf8 43. Kg2 Ke7 44. Rh7 Kf6 45. Rxg7 Kxg7
46. b4 Kf6 47. b5 axb5 48. a5 Ke6 49. a6 Kd5 50. a7 Kc4 51. a8=Q Kxc3 52. Qc6+
Kb4 53. Kf2 Ka5 54. Ke2 b4 55. Kd2 b3 56. Kc3 e4 57. Kxb3 e3 58. Kc4 1-0

[Event "DEM U12/U12w 2007"]
[Site "Willingen GER"]
[Date "2007.05.27"]
[Round "2"]
[White "Miller, Eduard"]
[Black "Bauer, Andreas"]
[Result "0-1"]
[Termination "normal"]
[Board "6"]
[WhiteElo "1608"]
[BlackElo "1816"]
[PlyCount "84"]
[WhiteFideId "24687022"]
[BlackFideId "4625030"]
[EventCountry "GER"]
[EventRounds "11"]
[EventType "swiss"]
[EventDate "2007.05.26"]

1. e4 c5 2. Nf3 Nc6 3. Bb5 Na5 4. O-O a6 5. Be2 e6 6. Re1 b5 7. c3 Nf6 8. d3
Qc7 9. Bg5 Bb7 10. Nbd2 Be7 11. a4 O-O 12. c4 bxc4 13. dxc4 Bd8 14. Qc2 Nc6 15.
Qc3 Ng4 16. h3 Bxg5 17. hxg4 Bf6 18. Qa3 Nd4 19. Nxd4 cxd4 20. Qh3 a5 21. Bd3
e5 22. Nf3 Ba6 23. g5 Be7 24. Qf5 d6 25. Qg4 Rab8 26. Rab1 Rb4 27. b3 Rfb8 28.
Nd2 Bc8 29. Qg3 Qd8 30. Bc2 Bxg5 31. Nf3 Bf4 32. Qh4 Qxh4 33. Nxh4 g6 34. g3
Bh6 35. Ng2 Be6 36. f4 d3 37. Bxd3 Rxb3 38. Rbd1 Bg4 39. Rd2 Rb2 40. Rxb2 Rxb2
41. fxe5 dxe5 42. c5 Bd7 0-1

[Event "DEM U12/U12w 2007"]
[Site "Willingen GER"]
[Date "2007.05.27"]
[Round "2"]
[White "Osmanodja, Filiz"]
[Black "Steblin, Daniel"]
[Result "1-0"]
[Termination "normal"]
[Board "7"]
[WhiteElo "1813"]
[BlackElo "1607"]
[PlyCount "133"]
[WhiteFideId "24633569"]
[BlackFideId "24676390"]
[EventCountry "GER"]
[EventRounds "11"]
[EventType "swiss"]
[EventDate "2007.05.26"]

1. e4 e5 2. Nf3 Nc6 3. Bb5 a6 4. Ba4 Nf6 5. O-O b5 6. Bb3 Bc5 7. c3 d6 8. d4
Bb6 9. h3 O-O 10. a4 Bb7 11. Re1 h6 12. Na3 b4 13. Nc4 bxc3 14. bxc3 Re8 15. a5
Ba7 16. Ba4 exd4 17. Rb1 Qc8 18. e5 Nd5 19. exd6 Nxc3 20. Rxe8+ Qxe8 21. Qb3
Nxa4 22. Qxa4 Bc8 23. Nce5 Bf5 24. Qxc6 Qxc6 25. Nxc6 Bxb1 26. d7 Be4 27. d8=Q+
Rxd8 28. Nxd8 Kf8 29. Ne5 Ke8 30. Ndxf7 Bd5 31. Nh8 Ke7 32. Nhg6+ Kf6 33. Kf1
Be4 34. Nh8 Kxe5 35. f3 Bd3+ 36. Ke1 Bc5 37. Kd2 Bf1 38. g4 Bxh3 39. Ng6+ Kf6
40. Nf4 Bf1 41. Nd5+ Ke5 42. Nxc7 Bb4+ 43. Kd1 Bxa5 44. Ne8 g5 45. Ng7 Kf6 46.
Nf5 d3 47. Bb2+ Kg6 48. Nd4 Bb6 49. Kd2 Bxd4 50. Bxd4 Be2 51. Ke3 h5 52. gxh5+
Kxh5 53. Bc3 Kh4 54. Bd2 Kh5 55. Ke4 Kg6 56. f4 g4 57. f5+ Kf7 58. Kf4 Ke8 59.
Ba5 Kf7 60. Bc3 Ke7 61. Bb4+ Kf6 62. Bc3+ Kf7 63. Kg3 Bd1 64. Kf4 Ke7 65. Bb4+
Ke8 66. Ba5 Be2 67. Bb4 {Zeitueberschreitung} 1-0

[Event "DEM U12/U12w 2007"]
[Site "Willingen GER"]
[Date "2007.05.27"]
[Round "2"]
[White "Babayev, Ramil"]
[Black "Niedermayer, Julian Andi"]
[Result "1/2-1/2"]
[Termination "normal"]
[Board "9"]
[WhiteElo "1776"]
[BlackElo "1588"]
[PlyCount "82"]
[WhiteFideId "24664243"]
[BlackFideId "24600792"]
[EventCountry "GER"]
[EventRounds "11"]
[EventType "swiss"]
[EventDate "2007.05.26"]

1. e4 c6 2. d4 d5 3. exd5 cxd5 4. Bd3 Nc6 5. c3 Nf6 6. Bf4 Bg4 7. Qb3 Qd7 8.
Be5 e6 9. Nd2 Be7 10. Ngf3 O-O 11. O-O Bxf3 12. Nxf3 Nxe5 13. Nxe5 Qc7 14. h3
Nd7 15. Nxd7 Qxd7 16. Rae1 Bd6 17. Bb1 Qe7 18. Qc2 Qh4 19. Qd3 Rac8 20. a3 Rc6
21. Re2 a6 22. Rfe1 b5 23. Re3 Rb6 24. Qf1 a5 25. g3 Qh5 26. b4 axb4 27. axb4
Re8 28. Kg2 Rb7 29. Bd3 Reb8 30. Ra1 Bc7 31. f4 Qh6 32. Qe2 Qf6 33. f5 e5 34.
dxe5 Qc6 35. f6 g6 36. Ra3 Qe6 37. h4 Bb6 38. Rf3 Bc7 39. Re3 Bb6 40. Rf3 Bc7
41. Re3 Bb6 1/2-1/2

[Event "DEM U12/U12w 2007"]
[Site "Willingen GER"]
[Date "2007.05.27"]
[Round "2"]
[White "Gering, Samuel"]
[Black "Kyas, Philipp"]
[Result "0-1"]
[Termination "normal"]
[Board "10"]
[WhiteElo "1583"]
[BlackElo "1767"]
[PlyCount "70"]
[WhiteFideId "24604526"]
[BlackFideId "24670936"]
[EventCountry "GER"]
[EventRounds "11"]
[EventType "swiss"]
[EventDate "2007.05.26"]

1. d4 Nf6 2. c4 e6 3. Nf3 b6 4. Nc3 Bb4 5. Bg5 h6 6. Bh4 g5 7. Bg3 Bb7 8. e3
Ne4 9. Qc2 f5 10. a3 Bxc3+ 11. bxc3 O-O 12. Bd3 h5 13. h4 g4 14. Nh2 Nxg3 15.
fxg3 d5 16. Rg1 Qd6 17. Nf1 Ba6 18. cxd5 Bxd3 19. Qxd3 exd5 20. Kf2 Nd7 21. c4
Nf6 22. Ke2 Ne4 23. cxd5 Qxd5 24. Rc1 c5 25. Qc4 Qxc4+ 26. Rxc4 b5 27. Rxc5
Nxc5 28. dxc5 Rac8 29. Nd2 Rxc5 30. Rb1 Rd8 31. Rb2 a6 32. Ra2 Rc3 33. a4 b4
34. Rb2 a5 35. Kf2 b3 0-1

[Event "DEM U12/U12w 2007"]
[Site "Willingen GER"]
[Date "2007.05.27"]
[Round "2"]
[White "Kostre, Margarita"]
[Black "Titgemeyer, Sven"]
[Result "0-1"]
[Termination "normal"]
[Board "11"]
[WhiteElo "1574"]
[BlackElo "1731"]
[PlyCount "120"]
[WhiteFideId "4673344"]
[BlackFideId "24676934"]
[EventCountry "GER"]
[EventRounds "11"]
[EventType "swiss"]
[EventDate "2007.05.26"]

1. e4 e5 2. Nf3 Nc6 3. Bc4 Nf6 4. d4 exd4 5. O-O Bc5 6. e5 d5 7. exf6 dxc4 8.
Re1+ Be6 9. Ng5 Qd5 10. Nc3 Qf5 11. Nce4 Bb6 12. fxg7 Rg8 13. Nxh7 O-O-O 14.
Nhf6 Rxg7 15. Nh5 Rxg2+ 16. Kxg2 Qh3+ 17. Kh1 Bg4 18. Ng5 Qxh5 19. f3 Rh8 20.
Bf4 Bf5 21. Ne4 Qh4 22. Qd2 Bxe4 23. Rxe4 f5 24. Bg5 Qh5 25. Rh4 Qxf3+ 26. Qg2
Qxg2+ 27. Kxg2 Rg8 28. Rh5 Nb4 29. c3 dxc3 30. bxc3 Nd5 31. Kf3 Nxc3 32. Kf4
Ne2+ 33. Kxf5 c3 34. Ke6 c2 35. Re1 Bf2 36. Rxe2 Re8+ 37. Kd5 c6+ 38. Kd6 Rd8+
39. Ke7 Bc5+ 40. Kf7 Rd7+ 41. Ke8 Rd8+ 42. Bxd8 c1=Q 43. Rh7 Qc4 44. Rc7+ Kb8
45. Re1 Qg8+ 46. Kd7 Qd5+ 47. Ke8 Bb6 48. Rd7 Qh5+ 49. Kf8 Bc5+ 50. Be7 Qf5+
51. Ke8 Qg6+ 52. Kf8 Kc8 53. Bxc5 Kxd7 54. Re7+ Kd8 55. Rxb7 Qh6+ 56. Rg7 Qh8+
57. Kf7 Qh5+ 58. Ke6 Qd5+ 59. Kf6 Qxc5 60. Rg8+ Kc7 0-1

[Event "DEM U12/U12w 2007"]
[Site "Willingen GER"]
[Date "2007.05.27"]
[Round "2"]
[White "Möhn, Hans"]
[Black "Gerntke, Oliver"]
[Result "0-1"]
[Termination "normal"]
[Board "12"]
[WhiteElo "1759"]
[BlackElo "1747"]
[PlyCount "56"]
[WhiteFideId "24647837"]
[BlackFideId "24647977"]
[EventCountry "GER"]
[EventRounds "11"]
[EventType "swiss"]
[EventDate "2007.05.26"]

1. c4 e6 2. d4 d5 3. Nc3 Nf6 4. cxd5 exd5 5. Bg5 Nbd7 6. e3 Be7 7. Nf3 c6 8.
Bd3 O-O 9. Qc2 Re8 10. O-O-O Qa5 11. Bxf6 Nxf6 12. Ne5 Bd6 13. f4 c5 14. Rdf1
c4 15. Bf5 b5 16. Bxc8 Raxc8 17. Kb1 b4 18. Nd1 Ne4 19. Nf3 b3 20. axb3 cxb3
21. Qxb3 Rb8 22. Qa2 Qb5 23. b3 Qd3+ 24. Kb2 Rec8 25. Qa4 Qc2+ 26. Ka1 Qc1+ 27.
Ka2 Rc2+ 28. Nb2 Qxb2# 0-1

[Event "DEM U12/U12w 2007"]
[Site "Willingen GER"]
[Date "2007.05.27"]
[Round "2"]
[White "Medvedovski, Michael"]
[Black "Schäfer, Daniela"]
[Result "1/2-1/2"]
[Termination "normal"]
[Board "13"]
[WhiteElo "1560"]
[BlackElo "1718"]
[PlyCount "41"]
[WhiteFideId "24600830"]
[BlackFideId "4624769"]
[EventCountry "GER"]
[EventRounds "11"]
[EventType "swiss"]
[EventDate "2007.05.26"]

1. e4 g6 2. d4 Bg7 3. Nc3 d6 4. Be3 Nf6 5. Qd2 O-O 6. O-O-O Ng4 7. Bf4 e5 8.
dxe5 Nxe5 9. f3 Be6 10. g4 Nbc6 11. h4 f6 12. Be2 Qd7 13. Bh6 Bxh6 14. Qxh6 Qg7
15. Qd2 Kh8 16. Nh3 Bc4 17. f4 Bxe2 18. Qxe2 Nd7 19. g5 f5 20. h5 fxe4 21. Qxe4
1/2-1/2

[Event "DEM U12/U12w 2007"]
[Site "Willingen GER"]
[Date "2007.05.27"]
[Round "2"]
[White "Pältz, Sebastian"]
[Black "Pfeiffer, Daniel"]
[Result "0-1"]
[Termination "normal"]
[Board "14"]
[WhiteElo "1798"]
[BlackElo "1707"]
[PlyCount "54"]
[WhiteFideId "24648027"]
[BlackFideId "24641960"]
[EventCountry "GER"]
[EventRounds "11"]
[EventType "swiss"]
[EventDate "2007.05.26"]

1. e4 c5 2. c3 d5 3. exd5 Qxd5 4. d4 e6 5. Nf3 Nf6 6. Be2 Be7 7. O-O O-O 8.
Nbd2 Nc6 9. Nc4 cxd4 10. cxd4 Qd8 11. b3 Nd5 12. Be3 b6 13. Nce5 Nxe5 14. Nxe5
Bd6 15. Bf3 Bb7 16. Re1 Rc8 17. Nc4 Bb8 18. Rc1 Qf6 19. Rf1 b5 20. Na3 Nc3 21.
Qd2 Bxf3 22. Rxc3 Qg6 23. Bg5 Rxc3 24. Qxc3 Bxg2 25. Kxg2 Qxg5+ 26. Kh1 Qh4 27.
h3 b4 0-1

[Event "DEM U12/U12w 2007"]
[Site "Willingen GER"]
[Date "2007.05.27"]
[Round "2"]
[White "Stephan, Michael"]
[Black "Abdelrasek, Ahmed"]
[Result "0-1"]
[Termination "normal"]
[Board "15"]
[WhiteElo "1501"]
[BlackElo "1693"]
[PlyCount "124"]
[WhiteFideId "24656852"]
[EventCountry "GER"]
[EventRounds "11"]
[EventType "swiss"]
[EventDate "2007.05.26"]

1. e4 d5 2. exd5 Qxd5 3. Nc3 Qd6 4. d4 Nf6 5. h3 a6 6. Nf3 e6 7. Bc4 b5 8. Bb3
Bb7 9. a3 Nbd7 10. O-O Be7 11. Re1 O-O 12. Ne5 c5 13. Nxd7 Nxd7 14. dxc5 Qc6
15. f3 Bxc5+ 16. Be3 Rfd8 17. Qe2 Qb6 18. a4 Bxe3+ 19. Qxe3 Qxe3+ 20. Rxe3 b4
21. Ne4 Bxe4 22. Rxe4 a5 23. Rd4 Nc5 24. Rad1 Rxd4 25. Rxd4 Nxb3 26. cxb3 Kf8
27. Kf2 Rc8 28. Rc4 Rd8 29. Ke2 Ke7 30. Rc5 Rd5 31. Rc7+ Kf6 32. Rb7 h5 33. g4
Kg6 34. f4 hxg4 35. hxg4 Kf6 36. Rb5 g5 37. Ke3 gxf4+ 38. Kxf4 Rd3 39. g5+ Kg7
40. Rxa5 Rxb3 41. Rb5 Rxb2 42. Ke3 b3 43. Kd3 Ra2 44. Rb4 Kg6 45. Rg4 Kf5 46.
Rb4 Kxg5 47. Kc3 b2 48. Kc2 f5 49. Kb1 Ra1+ 50. Kxb2 Rd1 51. a5 Rd8 52. a6 Ra8
53. Ra4 f4 54. Kc3 Kg4 55. Kd4 Kg3 56. Ra3+ Kg4 57. Ke4 Ra7 58. Rf3 e5 59. Ra3
f3 60. Rxf3 Rxa6 61. Rd3 Ra5 62. Rd5 Rxd5 0-1

[Event "DEM U12/U12w 2007"]
[Site "Willingen GER"]
[Date "2007.05.27"]
[Round "2"]
[White "Müller, Alexander"]
[Black "Düssler, Stefanie"]
[Result "1-0"]
[Termination "normal"]
[Board "16"]
[WhiteElo "1689"]
[BlackElo "1563"]
[PlyCount "119"]
[WhiteFideId "4624696"]
[BlackFideId "4634780"]
[EventCountry "GER"]
[EventRounds "11"]
[EventType "swiss"]
[EventDate "2007.05.26"]

1. e4 d5 2. exd5 Qxd5 3. Nc3 Qa5 4. d4 Nf6 5. Bc4 Bg4 6. f3 Bf5 7. Nge2 e6 8.
Bd2 Qb6 9. b3 a6 10. d5 Be7 11. dxe6 Bxe6 12. Bxe6 Qxe6 13. O-O O-O 14. Nf4
Qb6+ 15. Kh1 Bd6 16. Nce2 Nc6 17. c3 Rad8 18. Qc2 Ne7 19. c4 Ng6 20. Nxg6 hxg6
21. Rac1 Bb4 22. Bxb4 Qxb4 23. Nc3 Rd7 24. Rcd1 Rfd8 25. Rxd7 Rxd7 26. Re1 Kf8
27. Kg1 Qd6 28. Ne4 Qd4+ 29. Kf1 Nxe4 30. Qxe4 Qxe4 31. Rxe4 Rd2 32. Re2 Rd1+
33. Kf2 f6 34. Ke3 Kf7 35. Rd2 Rxd2 36. Kxd2 Ke6 37. Ke3 c5 38. Ke4 g5 39. g4
g6 40. f4 gxf4 41. Kxf4 g5+ 42. Ke4 b6 43. h3 a5 44. a3 Kd6 45. Kf5 Ke7 46. Kg6
Ke6 47. Kg7 Ke7 48. a4 Ke6 49. Kg8 f5 50. gxf5+ Kxf5 51. Kg7 Kf4 52. Kg6 Kg3
53. Kxg5 Kxh3 54. Kf4 Kg2 55. Ke5 Kf3 56. Kd5 Ke3 57. Kc6 Kd3 58. Kxb6 Kc3 59.
Kxc5 Kxb3 60. Kb5 1-0

[Event "DEM U12/U12w 2007"]
[Site "Willingen GER"]
[Date "2007.05.27"]
[Round "2"]
[White "Neumair, Jerome"]
[Black "Kügel, Tobias"]
[Result "1/2-1/2"]
[Termination "normal"]
[Board "17"]
[WhiteElo "1680"]
[BlackElo "1553"]
[PlyCount "114"]
[WhiteFideId "24672637"]
[BlackFideId "4636295"]
[EventCountry "GER"]
[EventRounds "11"]
[EventType "swiss"]
[EventDate "2007.05.26"]

1. c4 e6 2. Nc3 d5 3. cxd5 exd5 4. d4 Nf6 5. Bg5 Be7 6. Nf3 O-O 7. Qc2 c6 8. e3
Be6 9. Bd3 Nbd7 10. O-O h6 11. Bh4 Bg4 12. Nd2 Nb6 13. Rab1 Rc8 14. b4 Bd7 15.
Bg3 Nh5 16. Qb3 Nxg3 17. hxg3 Qe8 18. a4 Bd6 19. a5 Na8 20. Rfe1 Nc7 21. e4 Be6
22. e5 Be7 23. Qb2 a6 24. Na4 Nb5 25. Nb6 Rb8 26. f4 g6 27. Nf3 Bd8 28. Na4 Be7
29. Kf2 Kg7 30. Rh1 Rh8 31. Qc1 Bg4 32. Bxb5 axb5 33. Nc5 Bxc5 34. Qxc5 Qf8 35.
Qb6 Qd8 36. Nd2 Qc8 37. Qc5 Qf5 38. Qc3 Qc8 39. Nb3 Be6 40. Rhc1 Bd7 41. Nc5
Ra8 42. Ra1 Rd8 43. a6 bxa6 44. Nxd7 Qxd7 45. Qxc6 Qf5 46. Rxa6 Qd3 47. Rxa8
Rxa8 48. Qxa8 Qd2+ 49. Kf3 Qd3+ 50. Kf2 Qd2+ 51. Kg1 Qxc1+ 52. Kh2 Qd1 53. Qxd5
Qh5+ 54. Kg1 Qd1+ 55. Kf2 Qd2+ 56. Kf3 Qd3+ 57. Kg4 Qf5+ 1/2-1/2

[Event "DEM U12/U12w 2007"]
[Site "Willingen GER"]
[Date "2007.05.27"]
[Round "2"]
[White "Mundorf, Johannes"]
[Black "Kaulich, Philipp Theodor"]
[Result "1-0"]
[Termination "normal"]
[Board "18"]
[WhiteElo "1668"]
[BlackElo "1540"]
[PlyCount "129"]
[WhiteFideId "24672491"]
[BlackFideId "4641582"]
[EventCountry "GER"]
[EventRounds "11"]
[EventType "swiss"]
[EventDate "2007.05.26"]

1. d4 Nf6 2. Nf3 e6 3. e3 c5 4. Bd3 d5 5. b3 Nc6 6. Bb2 Bd7 7. O-O Bd6 8. dxc5
Bxc5 9. a3 Rc8 10. Nbd2 O-O 11. c4 a5 12. cxd5 exd5 13. Rc1 Bd6 14. e4 dxe4 15.
Nxe4 Nxe4 16. Bxe4 Be7 17. Nd4 Nxd4 18. Qxd4 Bf6 19. Qd2 Rxc1 20. Rxc1 Bxb2 21.
Qxb2 Qb6 22. b4 axb4 23. Qxb4 Qxb4 24. axb4 Rc8 25. Rxc8+ Bxc8 26. Kf1 Kf8 27.
Ke2 b5 28. Kd3 Ke7 29. Kd4 Kd6 30. Bxh7 g6 31. h4 Bd7 32. h5 gxh5 33. g3 Be8
34. Bd3 f6 35. Be2 Kc6 36. Ke4 Kd6 37. Kf5 Ke7 38. Bd1 Bf7 39. Bf3 Be8 40. Be2
Bd7+ 41. Ke4 Be8 42. Kd5 f5 43. Kc5 Kd8 44. Bxb5 Bg6 45. Kd6 f4 46. Bd7 fxg3
47. fxg3 Be4 48. b5 Bd3 49. b6 Ba6 50. Bc6 Kc8 51. Bf3 Kb8 52. Bxh5 Bd3 53. Bf7
Bf5 54. Be6 Bg6 55. g4 Kb7 56. Kc5 Kb8 57. Bf5 Bf7 58. g5 Kb7 59. g6 Bg8 60.
Be4+ Kb8 61. Bd5 Bxd5 62. Kxd5 Kb7 63. g7 Kxb6 64. g8=Q Kb5 65. Qb8+ 1-0

[Event "DEM U12/U12w 2007"]
[Site "Willingen GER"]
[Date "2007.05.27"]
[Round "2"]
[White "Stövesand, Eric"]
[Black "Takeuchi, Eiki"]
[Result "0-1"]
[Termination "normal"]
[Board "19"]
[WhiteElo "1387"]
[BlackElo "1655"]
[PlyCount "66"]
[WhiteFideId "24651117"]
[BlackFideId "24663751"]
[EventCountry "GER"]
[EventRounds "11"]
[EventType "swiss"]
[EventDate "2007.05.26"]

1. e4 c5 2. Nf3 Nc6 3. d4 cxd4 4. Nxd4 Nf6 5. Nc3 d6 6. Be2 Bd7 7. Be3 a6 8.
O-O g6 9. Qd2 Bg7 10. Rad1 Ng4 11. Nxc6 bxc6 12. Bg5 O-O 13. f4 Qb6+ 14. Kh1
Nf2+ 15. Rxf2 Qxf2 16. Bxe7 Rfe8 17. Bxd6 Bxc3 18. bxc3 Rxe4 19. Bf1 Qxd2 20.
Rxd2 Be6 21. Kg1 Bxa2 22. Be5 Bc4 23. Bd3 Bxd3 24. cxd3 Ra4 25. Re2 a5 26. Bd6
Ra1+ 27. Kf2 a4 28. Re3 a3 29. f5 a2 30. f6 Rc1 31. Ba3 Rc2+ 32. Kf3 a1=Q 33.
Bb4 Qf1+ 0-1

[Event "DEM U12/U12w 2007"]
[Site "Willingen GER"]
[Date "2007.05.27"]
[Round "2"]
[White "Pfleger, Jürgen"]
[Black "Müller, Alexandra"]
[Result "1-0"]
[Termination "normal"]
[Board "20"]
[WhiteElo "1839"]
[BlackElo "1375"]
[PlyCount "131"]
[WhiteFideId "24641642"]
[BlackFideId "24691496"]
[EventCountry "GER"]
[EventRounds "11"]
[EventType "swiss"]
[EventDate "2007.05.26"]

1. c4 Nf6 2. Nc3 Nc6 3. d4 d5 4. Bf4 e6 5. e3 a6 6. Nf3 Be7 7. Bd3 h6 8. a3
dxc4 9. Bxc4 Bd6 10. Bxd6 Qxd6 11. O-O O-O 12. b4 Ne7 13. Ne5 Ned5 14. Rc1 c6
15. Bb3 Rd8 16. Na4 Nd7 17. Nxd7 Bxd7 18. Nc5 Bc8 19. Qd3 Nb6 20. Rc2 Nd7 21.
Ne4 Qe7 22. Nc5 Nxc5 23. Rxc5 e5 24. Qe4 Qd6 25. Rxe5 Bd7 26. Qf4 Rf8 27. Qg3
Kh8 28. Rc1 f6 29. Rec5 Qxg3 30. hxg3 Rfe8 31. d5 g6 32. dxc6 Bxc6 33. Bf7 Re7
34. Bxg6 Kg7 35. Bf5 Rf8 36. Rd1 h5 37. Rd4 Re5 38. Bd7 Rxc5 39. bxc5 Bxd7 40.
Rxd7+ Rf7 41. Rd5 Kg6 42. Kf1 f5 43. Ke2 Kf6 44. Kd3 Ke6 45. Rd6+ Ke7 46. Kd4
Rf8 47. Kd5 Rg8 48. Re6+ Kd7 49. Rh6 Rg5 50. Rh7+ Kc8 51. Ke5 f4+ 52. Kxf4 Rxc5
53. Re7 Rc2 54. Kf3 Ra2 55. Rh7 Rxa3 56. Rxh5 b5 57. g4 b4 58. g5 b3 59. g6 b2
60. g7 b1=Q 61. g8=Q+ Kc7 62. Qf7+ Kb6 63. Rh6+ Ka5 64. Qc7+ Ka4 65. Qc4+ Qb4
66. Rxa6# 1-0

[Event "DEM U12/U12w 2007"]
[Site "Willingen GER"]
[Date "2007.05.27"]
[Round "2"]
[White "Grzeca, Pascal"]
[Black "Powierski, Emil"]
[Result "1-0"]
[Termination "normal"]
[Board "22"]
[WhiteElo "1642"]
[BlackElo "1347"]
[PlyCount "71"]
[WhiteFideId "24600741"]
[BlackFideId "4656199"]
[EventCountry "GER"]
[EventRounds "11"]
[EventType "swiss"]
[EventDate "2007.05.26"]

1. e4 c5 2. Nf3 d6 3. d4 cxd4 4. Nxd4 Nf6 5. Nc3 a6 6. Be2 e5 7. Nb3 Be7 8. O-O
Be6 9. f4 Qc7 10. f5 Bc4 11. Rf3 b5 12. Rg3 g6 13. Bh6 b4 14. Nd5 Bxd5 15. exd5
gxf5 16. Bh5 Bf8 17. Bg7 Ne4 18. Bxh8 Qa7+ 19. Nd4 Nxg3 20. hxg3 Be7 21. c3
bxc3 22. bxc3 exd4 23. Bxd4 Qd7 24. Qd2 Qb5 25. Re1 Nd7 26. Qg5 Ne5 27. Qg8+
Bf8 28. Qxf7+ Kd8 29. Qxf8+ Kd7 30. Qxa8 Qc4 31. Qe8+ Kc7 32. Rb1 Qxa2 33. Bb6+
Kb7 34. Qe7+ Kb8 35. Qc7+ Ka8 36. Qa7# 1-0